000 01364cam a22003737a 4500
003 CHAP
005 20220329141829.0
008 971125d1997 mx r 00110 spa d
010 _a74492
011 _a75464
035 _a85028
040 _cCHAP
090 _aTesis
100 0 0 _aNava Navarro, Raymundo.
_980461
245 1 0 _aEfecto de la fertilización nitrofosforada y potásica en dos tipos de alegría (Amaranthus cruentus L.) en Huazulco, Morelos
_c/por Raymundo Nava Navarro
260 _aChapingo, Méx. :
_bEl autor,
_c1997.
300 _a32 h. :
_bgráfs.
502 _aTesis (Ing. Agr. Esp. en Fitotecnia) -- UACH. Departamento de Fitotecnia
590 _aALEPH
_b10
_c20130110
_lUCH01
_h1419
590 _aBATCH-UPD
_b10
_c20130110
_lUCH01
_h1023
590 _aBATCH-UPD
_b10
_c20130410
_lUCH01
_h0628
590 _aBATCH-UPD
_b10
_c20130914
_lUCH01
_h0303
590 _aCONVERSION
_b10
_c20130109
_lUCH01
_h1341
650 1 4 _aAmaranto
_xRendimiento.
_95140
650 1 4 _aFertilizantes fosfatados.
_940592
650 1 4 _aFertilizantes nitrogenados.
_940596
650 1 4 _aFertilizantes potásicos.
_940644
650 1 4 _aFertilizantes
_xEfecto en amaranto.
_940478
901 _aBK
905 _aGuadalupe Pinto C.
942 _cFOLL
949 _bBC
_cTES
_d33724000638144
_eTS2
_fc.2
_h31564
_i85028
_si
949 _bBC
_cTES
_d850281
_eTS1
_h31563
_i85028
_sb
999 _c74492
_d74492